000 00789nam a22002177a 4500
005 20081020114350.0
008 081020t xxu||||| |||| 00| 0 eng d
010 _aENG-84335
020 _a8178792036
020 _c650.00 (hb)
035 _aEN-67868
082 _a796.07 / PHY
245 _aPhysical education /
_bconcepts & issues
_cedited by Sharad Chandra Mishra; compiled by Sandhu Varghese
260 _aNew Delhi
_bSports Publication
260 _c2006
300 _a360p
_c22cm
700 _aMishra, Sharad Chandra
_ced
700 _aVerghese, Sandhu
_ccomp
942 _2ddc
_cEN
_h796.07
_mPHY
999 _c17673
_d17673